Pensar la democracia: Norberto Bobbio
Gespeichert in:
| 1. Verfasser: | |
|---|---|
| Format: | Buch |
| Sprache: | Spanisch |
| Veröffentlicht: |
Ciudad de México
UNAM
2001
|
| Ausgabe: | 1a. ed |
| Schriftenreihe: | Filosofía Contemporánea
|
| Schlagworte: | |
| Tags: |
Tag hinzufügen
Keine Tags, Fügen Sie den ersten Tag hinzu!
|
MARC
| LEADER | 00000nam a2200000 a 4500 | ||
|---|---|---|---|
| 001 | UCH5200 | ||
| 003 | CL-VaPUC | ||
| 008 | 091008e20010000MX |||||||||||||||||spa|d | ||
| 020 | |a 9789703245321 | ||
| 082 | 0 | 4 | |a 320.01 |b YTU |2 21 |
| 100 | 0 | |a Yturbe, Corina |e author |9 541426 | |
| 245 | 1 | 0 | |a Pensar la democracia: Norberto Bobbio |
| 250 | |a 1a. ed | ||
| 300 | |a 262 p | ||
| 942 | |c BK | ||
| 945 | |d 20091008 00:00:00 |a rbrito | ||
| 260 | |a Ciudad de México |b UNAM |c 2001 | ||
| 600 | 0 | |a Bobbio, Norberto |e autor |9 257371 | |
| 650 | 7 | |a FILOSOFIA POLITICA |2 CL-VaPUC |9 541427 | |
| 650 | 0 | |a Democracia |9 255256 | |
| 583 | |a last modification |c 20121001 01:03:51 |k Rodrigo Vera | ||
| 490 | 0 | |a Filosofía Contemporánea | |
| 999 | |c 336382 |d 336380 | ||
| 952 | |0 0 |1 0 |4 0 |6 320_010000000000000_YTU_2001 |7 0 |8 A |9 427646 |a BIBHIS |b BIBHIS |d 2019-11-22 |i 4607112 |l 1 |o 320.01 YTU 2001 |p 4607112 |r 2025-01-20 |s 2024-10-29 |w 2019-11-22 |y BK |k HIS | ||